Karate - Statystyki

Ogólne statystyki
  • Ten quiz został rozwiązany 12 razy
  • Średni wynik to 3 z 7
Statystyki odpowiedzi
Japoński Polski % Poprawnych
shomen przód, front, czoło
80%
yoko w bok
70%
uraken odwrócona pięść
40%
sakotsu obojczyk
30%
shita od spodu (dołu)
30%
sokuto zewnętrzna krawędź stopy
20%
shuto zewnętrzna krawędź dłoni
10%
Nie znaleziono quizów pasujących do podanych kryteriów
Rozkład punktacji
Procent ludzi z każdym wynikiem
Percentyl według liczby udzielonych odpowiedzi
Twoja historia wyników
Nie rozwiązałeś tego quizu